00308 a2200121 450000500170000000800410001702000180005804100120007610000130008824500410010126000360014230000080017820250604164828.0250604b |||||||| |||| 00| 0 eng d a9780143472421 aEnglish aRawat R. aBipin b: The Man Behind The Uniform bPenguin Rendom Hose Indiac2023 a207